000 00435nam a2200169Ia 4500
005 20250508154026.0
008 008 250505s9999 xx 000 0 eng d
037 _aBooks to be hide in OPAC
040 _aFEDL
_beng
_cFEDL
041 _aeng
_2eng
084 _a741.642, CHI/O
_qFEDL
245 0 _aChildren's digest
260 _c1962
300 _a121p
942 _cHB
_h741.642, CHI/O
999 _c1347128
_d1347128